Acteurs et actrices des années 1970 par images #1 - Statistiques

Statistiques générales
  • Ce quiz a été pris 133 fois
    110 depuis la dernière actualisation
  • Le résultat moyen est 11 sur 20
Statistiques - réponses
Par images Réponse % Correct
Bruce Lee
91%
Jack Nicholson
82%
Robert De Niro
82%
Woody Allen
75%
Patrick Dewaere
74%
Dustin Hoffman
70%
Al Pacino
68%
Robert Redford
68%
Claude Brasseur
63%
Mireille Darc
59%
Jane Fonda
53%
Barbra Streisand
50%
Liza Minnelli
49%
Jean Carmet
47%
Diane Keaton
30%
Faye Dunaway
30%
Maggie Smith
30%
Jacqueline Bisset
28%
Warren Beatty
16%
Marie Dubois
14%
Aucun quiz correspondant
Distribution des résultats
% des personnes avec chaque résultat
Percentile par nombre de réponses
Votre historique - résultats
Vous n’avez pas pris ce quiz depuis la dernière actualisation